Every Song by 38 Special - Statistics

General Stats
  • This quiz has been taken 7 times
  • The average score is 24 of 122
Answer Stats
Album Song % Correct
Special Forces(1982) Caught Up in You
83%
Rockin' into the Night(1979) Rockin' into the Night
67%
Wild-Eyed Southern Boys(1981) Wild-Eyed Southern Boys
67%
A Wild-Eyed Christmas Night(2001) A Wild-Eyed Christmas Night
50%
Wild-Eyed Southern Boys(1981) Fantasy Girl
50%
Wild-Eyed Southern Boys(1981) Hold On Loosely
50%
Rock & Roll Strategy(1988) Rock & Roll Strategy
50%
Flashback: The Best of 38 Special(1987) Back to Paradise
33%
Tour de Force(1983) Back Where You Belong
33%
Bone Against Steel(1991) Bone Against Steel
33%
Rock & Roll Strategy(1988) Second Chance
33%
Flashback: The Best of 38 Special(1987) Teacher, Teacher
33%
Resolution(1997) After the Fire Is Gone
17%
Strength in Numbers(1986) Against the Night
17%
Wild-Eyed Southern Boys(1981) Back Alley Sally
17%
Special Forces(1982) Back Door Stranger
17%
38 Special Live from Texas(2011) Back in the U.S.A.
17%
Special Forces(1982) Back on the Track
17%
Drivetrain(2004) Bad Looks Good on You
17%
Special Forces(1982) Breakin' Loose
17%
Wild-Eyed Southern Boys(1981) Bring It On
17%
Bone Against Steel(1991) Burning Bridges
17%
Special Delivery(1978) Can't Keep a Good Man Down
17%
Bone Against Steel(1991) Can't Shake It
17%
38 Special Live from Texas(2011) | Special Forces(1982) Chain Lightnin'
17%
Resolution(1997) Changed by Love
17%
Rock & Roll Strategy(1988) Chattahoochee
17%
Rock & Roll Strategy(1988) Comin' Down Tonight
17%
Resolution(1997) Déjà Voodoo
17%
38 Special Live from Texas(2011) Help Somebody
17%
Live at Sturgis(1999) Just One Girl
17%
Bone Against Steel(1991) Don't Wanna Get It Dirty
17%
Resolution(1997) Fade to Blue
17%
Resolution(1997) Find My Way Back
17%
Special Forces(1982) Firestarter
17%
Wild-Eyed Southern Boys(1981) First Time Around
17%
38 Special(1977) Fly Away
17%
38 Special(1977) Four Wheels
17%
38 Special(1977) Gypsy Belle
17%
Drivetrain(2004) Haley's Got a Harley
17%
A Wild-Eyed Christmas Night(2001) Hallelujah, It's Christmas!
17%
Strength in Numbers(1986) Has There Ever Been a Good Goodbye
17%
Strength in Numbers(1986) Heart's on Fire
17%
Drivetrain(2004) Hiding from Yourself
17%
Wild-Eyed Southern Boys(1981) Hittin' and Runnin'
17%
Resolution(1997) Homeless Guitar
17%
Wild-Eyed Southern Boys(1981) Honky Tonk Dancer
17%
Rock & Roll Strategy(1988) Hot 'Lanta
17%
Drivetrain(2004) Hurts Like Love
17%
Special Delivery(1978) I Been a Mover
17%
Tour de Force(1983) If I'd Been the One
17%
38 Special(1977) I Just Wanna Rock & Roll
17%
Special Delivery(1978) I'm a Fool for You
17%
Rock & Roll Strategy(1988) Innocent Eyes
17%
Tour de Force(1983) I Oughta Let Go
17%
A Wild-Eyed Christmas Night(2001) It's Christmas and I Miss You
17%
Drivetrain(2004) Jam On
17%
Bone Against Steel(1991) Jimmy Gillum
17%
Strength in Numbers(1986) Just a Little Love
17%
Resolution(1997) Just Can't Leave You Alone
17%
38 Special(1977) Just Hang On
17%
Bone Against Steel(1991) Last Thing I Ever Do
17%
Strength in Numbers(1986) Last Time
17%
Strength in Numbers(1986) Like No Other Night
17%
Rock & Roll Strategy(1988) Little Sheba
17%
Tour de Force(1983) Long Distance Affair
17%
38 Special(1977) Long Time Gone
17%
Rock & Roll Strategy(1988) Love Strikes
17%
Drivetrain(2004) Make Some Sense of It
17%
Rock & Roll Strategy(1988) Midnight Magic
17%
Resolution(1997) Miracle Man
17%
Rock & Roll Strategy(1988) Never Be Lonely
17%
Strength in Numbers(1986) Never Give an Inch
17%
Strength in Numbers(1986) Once in a Lifetime
17%
Strength in Numbers(1986) One in a Million
17%
Tour de Force(1983) One of the Lonely Ones
17%
Tour de Force(1983) One Time for Old Times
17%
38 Special(1977) Play a Simple Song
17%
Drivetrain(2004) Quick Fix
17%
Bone Against Steel(1991) Rebel to Rebel
17%
Rockin' into the Night(1979) Robin Hood
17%
Special Forces(1982) Rough-Housin'
17%
Flashback: The Best of 38 Special(1987) Same Old Feeling
17%
Resolution(1997) Saving Grace
17%
Tour de Force(1983) See Me in Your Eyes
17%
Resolution(1997) Shatter the Silence
17%
Resolution(1997) She Loves to Talk
17%
Resolution(1997) Shelter Me
17%
Drivetrain(2004) Sheriff's County Line
17%
Bone Against Steel(1991) Signs of Love
17%
Strength in Numbers(1986) Somebody Like You
17%
Drivetrain(2004) Something I Need
17%
Rockin' into the Night(1979) Stone Cold Believer
17%
Special Forces(1982) Take 'Em Out
17%
Special Delivery(1978) Take Me Back
17%
Rockin' into the Night(1979) Take Me Through the Night
17%
Bone Against Steel(1991) Tear It Up
17%
38 Special(1977) Tell Everybody
17%
A Wild-Eyed Christmas Night(2001) That Old Rockin Chair
17%
Rockin' into the Night(1979) The Love That I've Lost
17%
Drivetrain(2004) The Play
17%
Bone Against Steel(1991) The Sound of Your Voice
17%
Drivetrain(2004) The Squeeze
17%
Wild-Eyed Southern Boys(1981) Throw Out the Line
17%
38 Special Live from Texas(2011) Travelin' Band
17%
Special Delivery(1978) Travelin' Man
17%
Bone Against Steel(1991) Treasure
17%
Drivetrain(2004) Trooper with an Attitude
17%
Resolution(1997) Trouble
17%
Special Delivery(1978) Turnin' to You
17%
Rockin' into the Night(1979) Turn It On
17%
Tour de Force(1983) Twentieth Century Fox
17%
Tour de Force(1983) Undercover Lover
17%
Special Delivery(1978) What Can I Do?
17%
Rock & Roll Strategy(1988) What's It to Ya?
17%
Special Delivery(1978) Who's Been Messin'
17%
Bone Against Steel(1991) You Be the Dam, I'll Be the Water
17%
Bone Against Steel(1991) You Definitely Got Me
17%
Rockin' into the Night(1979) You Got the Deal
17%
Special Forces(1982) You Keep Runnin' Away
17%
Rockin' into the Night(1979) You're the Captain
17%
No matching quizzes found
Score Distribution
Percent of People with Each Score
Percentile by Number Answered
Your Score History
You have not taken this quiz